000 01197nam a2200277 i 4500
003 DO-SdBNP
005 20250509092728.0
007 ta
008 250509b2024 dr ||||| |||| 00| 0 spa d
020 _a9789945290356
040 _aDO-SdBNP
_bspa
_cBPNHU
_erda
082 _axxx
_bF677
_222
100 1 _aFont Bonilla, José Miguel
_eautor
_4aut.
_987156
245 0 3 _aEl Tapa'o y otros relatos /
_cJosé Miguel Font Bonilla ; prólogo, Ernesto Vantroy
264 4 _aSanto Domingo :
_bEditora Buho,
_c©2024.
300 _a142 páginas :
_c21 cm.
336 _atexto
_btxt
_2rdacontent
337 _asin mediación
_bn
_2rdamedia
338 _avolumen
_bnc
_2rdacarrier
500 _aIncluye datos biografícos del autor en la contracubierta.
520 _aUna serie de relatos cortos entremezclados a través de tradiciones, mitos y leyendas en una pequeña ciudad amurallada del siglo XVIII, donde sus habitantes viven al vilo del terror y la desesperanza. Como en toda ciudad pequeña, el rumor como un punzón la atraviesa, exponiéndola, desnudándola.
590 _aInventariado, 2025/ YL
700 1 _aVantroy, Ernesto
_eprólogo
_4prol.
_987299
910 _aYLockward
942 _2ddc
_cLBS1
999 _c58368
_d58368